Records of leaf nematodes (Aphelenchoides spp.) in the Slovak Republic

Bibliographic Details
Main Authors: Sturhan, D. (Author), Lišková, M. (Author)
Format: Article
Language:Slovak
English
ISSN:0440-6605
Subjects:

MARC

LEADER 00000nab a2200000 a 4500
001 vtls000687885
003 SK-MaSNL
005 20260304102353.0
008 250426c1998 xo 0 slo
015 |a SNBRB1999/03-05304 
035 |a CLN000040052 
035 |a urn:nbn:sk:snk-ab33w9 
035 |a (urnnbn)urn:nbn:sk:snk:ar-a05tbf 
035 |a (uuid)e217c574-ff07-4ff9-8f4b-142eb26ed729 
040 |a SNKBUCL  |b slo  |c SNKBUCL  |e AACR2 
041 0 |a eng 
044 |a xo  |c SK 
080 |a 595.132:581  |2 1997 
100 1 |a Sturhan, D.  |4 aut  |9 1156495 
245 1 0 |a Records of leaf nematodes (Aphelenchoides spp.) in the Slovak Republic  |c D. Sturhan, M.Lišková 
504 |a Bibliogr. odkazy 
504 |a Res. angl. 
650 0 7 |a nematódy listové  |z Slovensko  |2 snkbucl  |9 1399282 
650 0 7 |a nematoda (NEMATODA), PY, IP  |2 snkbucl  |9 1399283 
650 0 7 |a nematoda, infekcie (NEMATODE INFECTIONS), PS, EP, DI  |2 snkbucl  |9 1399284 
650 0 7 |a rastliny (PLANTS), PS  |2 snkbucl  |9 1399285 
655 7 |a články z novín a časopisov  |2 snkbucl  |9 267496 
700 1 |a Lišková, M.  |4 aut  |9 808104 
773 0 |t Helminthologia  |g Roč. 35, č. 3 (1998), s. 155-157  |x 0440-6605 
850 |a Slovenská národná knižnica 
852 |a Slovenská národná knižnica 
958 |a article27 
958 |a NB 
958 |a OND 
958 |a EUIPO 
992 |a RBX 
999 |c 2844751  |d 2846681